[Event "GER-chT U16"]
[Site "Walldorf"]
[Date "2017.12.30"]
[Round "7.1"]
[White "Schaefer, Nicolas"]
[Black "Jahn, Felix"]
[Result "0-1"]
[WhiteElo "1811"]
[BlackElo "1766"]
[PlyCount "66"]
[EventDate "2017.12.26"]
[EventType "team-swiss"]
[EventRounds "7"]
[EventCountry "GER"]
[SourceTitle "CBM 182 Extra"]
[Source "ChessBase"]
[SourceDate "2018.02.23"]
[SourceVersion "1"]
[SourceVersionDate "2018.02.23"]
[SourceQuality "1"]
[WhiteTeam "Saarbruecken"]
[BlackTeam "Leipzig Gruen Weiss"]
[WhiteTeamCountry "GER"]
[BlackTeamCountry "GER"]

1. Nf3 c5 2. c4 Nc6 3. d4 cxd4 4. Nxd4 Nf6 5. Nc3 d6 6. e4 g6 7. Be2 Bg7 8. Be3 Bd7 9. 0-0 0-0 10. f3 Rc8 11. Qd2 a6 12. Rac1 Qc7 13. Nb3 Rfd8 14. Nd5 Qb8 15. Nb6 Rc7 16. Rc2 Be6 17. Rfc1 Nd7 18. Nd5 Rcc8 19. Nf4 Nc5 20. Qe1 b6 21. Nd2 Nb4 22. Rc3 Nxa2 23. Nd5 Bxd5 24. cxd5 Nxc3 25. bxc3 b5 26. Qh4 Rd7 27. f4 Na4 28. Bg4 Rdc7 29. Bxc8 Qxc8 30. Nb1 Nxc3 31. Nxc3 Rxc3 32. Rxc3 Qxc3 33. Qg3 b4 0-1

[Event "GER-chT U16"]
[Site "Walldorf"]
[Date "2017.12.27"]
[Round "1.1"]
[White "Jahn, Felix"]
[Black "Vuckovic, Zarko"]
[Result "0-1"]
[WhiteElo "1766"]
[BlackElo "2098"]
[PlyCount "144"]
[EventDate "2017.12.26"]
[EventType "team-swiss"]
[EventRounds "7"]
[EventCountry "GER"]
[SourceTitle "CBM 182 Extra"]
[Source "ChessBase"]
[SourceDate "2018.02.23"]
[SourceVersion "1"]
[SourceVersionDate "2018.02.23"]
[SourceQuality "1"]
[WhiteTeam "Leipzig Gruen Weiss"]
[BlackTeam "Augsburg"]
[WhiteTeamCountry "GER"]
[BlackTeamCountry "GER"]

1. e4 c5 2. Nf3 Nc6 3. d4 cxd4 4. Nxd4 Nf6 5. Nc3 e6 6. a3 d5 7. exd5 Nxd5 8. Nxd5 Qxd5 9. Nxc6 Qxd1+ 10. Kxd1 bxc6 11. Be3 Bb7 12. Bd3 0-0-0 13. f3 c5 14. Ke2 Bd6 15. Rad1 Kc7 16. g3 h5 17. Rd2 a6 18. Kf2 Rd7 19. h4 g6 20. Rhd1 e5 21. c3 Be7 22. Bc4 Rxd2+ 23. Rxd2 Rh7 24. Bd5 Bxd5 25. Rxd5 f6 26. b4 Kc6 27. Rd2 f5 28. Bg5 Bd6 29. Re2 Rh8 30. Bf6 Re8 31. Bg5 Kb5 32. Be3 Re6 33. Rb2 cxb4 34. cxb4 Ka4 35. Bc5 Kxa3 36. Rd2 Bc7 37. Rd7 Rc6 38. Rd5 Kb3 39. Rd1 a5 40. Rb1+ Kc4 41. Bf8 Bb6+ 42. Ke2 axb4 43. Rxb4+ Kd5 44. Rb5+ Ke6 45. Bg7 Bd4 46. f4 Rc2+ 47. Kf1 Rf2+ 48. Ke1 Rf3 49. fxe5 Rxg3 50. Kf1 Rg4 51. Bf6 Re4 52. Rb4 Bxe5 53. Rb6+ Bd6 54. Bg5 Kd5 55. Kg2 Re6 56. Rb5+ Ke4 57. Rb3 f4 58. Rb1 Kf5 59. Rb5+ Kg4 60. Rb6 Re2+ 61. Kf1 Rd2 62. Ke1 Rd5 63. Kf1 Kg3 64. Rb1 f3 65. Kg1 Be5 66. Rf1 f2+ 67. Kh1 Bc3 68. Be7 Kf3 69. Bg5 Rd3 70. Kh2 Be5+ 71. Bf4 Bxf4+ 72. Kh1 Bg3 0-1

[Event "GER-ch U12"]
[Site "Magdeburg"]
[Date "2014.06.13"]
[Round "9"]
[White "Arnold, Leander"]
[Black "Jahn, Felix"]
[Result "0-1"]
[WhiteElo "1402"]
[BlackElo "1517"]
[PlyCount "79"]
[EventDate "2014.06.08"]
[EventType "swiss"]
[EventRounds "11"]
[EventCountry "GER"]
[SourceTitle "CBM 160 Extra"]
[Source "ChessBase"]
[SourceDate "2014.07.01"]
[SourceVersion "1"]
[SourceVersionDate "2014.07.01"]
[SourceQuality "1"]

1. d4 Nf6 2. Nd2 e6 3. e3 d5 4. Bd3 c5 5. c3 Bd6 6. Ngf3 Nc6 7. 0-0 0-0 8. dxc5 Bxc5 9. e4 dxe4 10. Nxe4 Nxe4 11. Bxe4 Qc7 12. Bb1 Ne7 13. Ng5 Ng6 14. Qh5 h6 15. Nh3 Ne7 16. Kh1 f5 17. Ng1 b6 18. Qe2 Qc6 19. Nf3 Ng6 20. Rg1 Bb7 21. Bd3 a6 22. Bc4 Rfe8 23. Bd2 b5 24. Bb3 Rad8 25. Bc2 Qb6 26. Be1 Bc6 27. Rd1 Rxd1 28. Bxd1 Kh8 29. b4 Bd6 30. Bb3 Nf4 31. Qd1 Bc7 32. a4 Rd8 33. Qc2 Be4 34. Qa2 bxa4 35. Bxa4 Nd3 36. Bb3 Nc1 37. Qb2 Nxb3 38. Qxb3 Bd5 39. Qb2 a5 40. Nd4 0-1

[Event "GER-ch U12"]
[Site "Magdeburg"]
[Date "2014.06.13"]
[Round "10"]
[White "Jahn, Felix"]
[Black "Mantel, Ruben"]
[Result "0-1"]
[WhiteElo "1517"]
[BlackElo "1699"]
[PlyCount "64"]
[EventDate "2014.06.08"]
[EventType "swiss"]
[EventRounds "11"]
[EventCountry "GER"]
[SourceTitle "CBM 160 Extra"]
[Source "ChessBase"]
[SourceDate "2014.07.01"]
[SourceVersion "1"]
[SourceVersionDate "2014.07.01"]
[SourceQuality "1"]

1. e4 c5 2. Nf3 e6 3. d4 cxd4 4. Nxd4 Nf6 5. Bd3 d6 6. 0-0 a6 7. f4 Nbd7 8. Bd2 Qc7 9. Nc3 b5 10. Qf3 Bb7 11. Qh3 Nc5 12. Rfe1 b4 13. Nd1 Ncxe4 14. Bxb4 Qb6 15. Bc3 e5 16. fxe5 dxe5 17. Rb1 Bc5 18. Kh1 Bxd4 19. Bxd4 Qxd4 20. Bxe4 Nxe4 21. c3 Qxd1 22. Rbxd1 Nf2+ 23. Kg1 Nxh3+ 24. gxh3 f6 25. b3 Ke7 26. c4 Rhd8 27. Rc1 Rd2 28. a3 Rad8 29. b4 Rg2+ 30. Kf1 Rdd2 31. Red1 Rdf2+ 32. Ke1 Rxh2 0-1

[Event "Sachsen-ch U12"]
[Site "Sebnitz"]
[Date "2013.04.04"]
[Round "4"]
[White "Jahn, Felix"]
[Black "Hermann, Stefan"]
[Result "1-0"]
[WhiteElo "1301"]
[BlackElo "1228"]
[PlyCount "61"]
[EventDate "2013.04.02"]
[EventType "swiss"]
[EventRounds "7"]
[EventCountry "GER"]
[SourceTitle "EXT 2014"]
[Source "ChessBase"]
[SourceDate "2013.11.20"]
[SourceVersion "1"]
[SourceVersionDate "2013.11.20"]
[SourceQuality "1"]

1. e4 c5 2. Nf3 Nc6 3. d4 cxd4 4. Nxd4 Nf6 5. Nc3 e5 6. Nf3 Bb4 7. Bd2 d6 8. a3 Bxc3 9. Bxc3 Nxe4 10. Qd3 Nxc3 11. Qxc3 Be6 12. Bb5 Rc8 13. 0-0 0-0 14. Qe3 a6 15. Bxc6 Rxc6 16. Rac1 f5 17. Rfd1 Qf6 18. Rd2 f4 19. Qe4 Qf5 20. Qb4 Rfc8 21. c3 d5 22. Re1 e4 23. Nd4 Rc4 24. Nxf5 Rxb4 25. axb4 Bxf5 26. Rxd5 Bg6 27. Rd7 b5 28. Red1 Rc6 29. R1d6 Rc4 30. Rxa6 e3 31. Ra8+ 1-0

[Event "GER-ch Net qual4 U14"]
[Site "Playchess.com INT"]
[Date "2012.09.12"]
[Round "7"]
[White "Jahn, Felix"]
[Black "Krone, Aaron"]
[Result "1-0"]
[WhiteElo "1261"]
[BlackElo "1289"]
[PlyCount "93"]
[EventDate "2012.09.12"]
[EventType "swiss (blitz)"]
[EventRounds "7"]
[EventCountry "GER"]
[SourceTitle "CBM 150 Extra"]
[Source "ChessBase"]
[SourceDate "2012.10.19"]
[SourceVersion "1"]
[SourceVersionDate "2012.10.19"]
[SourceQuality "1"]

1. e4 e5 2. Nf3 Nf6 3. Nxe5 d6 4. Nf3 Nxe4 5. Nc3 Nxc3 6. dxc3 Bg4 7. Bc4 Be7 8. Qd5 0-0 9. 0-0 Be6 10. Qe4 f5 11. Qxe6+ Kh8 12. Bd3 g6 13. Bh6 Rf6 14. Qe2 Nc6 15. Bg5 Rf7 16. Bc4 Rf8 17. Bh6 Re8 18. Bf7 Bg5 19. Bxg5 Rxe2 20. Bxd8 Rxd8 21. Bb3 Ne5 22. Nd4 c5 23. Nxe2 c4 24. Ba4 a6 25. Nd4 b5 26. Nxb5 axb5 27. Bxb5 Rb8 28. Ba6 Rb6 29. Bc8 Rxb2 30. Rfd1 Rxc2 31. Rxd6 Ng4 32. Rd8+ Kg7 33. Rd7+ Kf8 34. Re1 Rxf2 35. Rd8+ Kf7 36. Be6+ Kf6 37. Rf8+ Kg7 38. Rf7+ Kh6 39. a4 Rc2 40. Bxc4 Rxc3 41. Be6 Ra3 42. Ra7 Ne3 43. Bg8 Nd5 44. Rxh7+ Kg5 45. Bxd5 Rxa4 46. h4+ Kf6 47. Rf7# 1-0

[Event "GER-ch Net qual4 U14"]
[Site "Playchess.com INT"]
[Date "2012.09.12"]
[Round "1"]
[White "Jahn, Felix"]
[Black "Wastian, Jan"]
[Result "0-1"]
[WhiteElo "1273"]
[BlackElo "1474"]
[PlyCount "108"]
[EventDate "2012.09.12"]
[EventType "swiss (blitz)"]
[EventRounds "7"]
[EventCountry "GER"]
[SourceTitle "CBM 150 Extra"]
[Source "ChessBase"]
[SourceDate "2012.10.19"]
[SourceVersion "1"]
[SourceVersionDate "2012.10.19"]
[SourceQuality "1"]

1. e4 c6 2. Nf3 d5 3. exd5 cxd5 4. d4 Nc6 5. Nc3 Bg4 6. Be2 e6 7. Bf4 Nf6 8. Bg3 Bb4 9. 0-0 0-0 10. a3 Ba5 11. b4 Bb6 12. b5 Na5 13. a4 Rc8 14. Na2 Bc7 15. Bxc7 Qxc7 16. Nb4 Nc4 17. Ra2 Ne4 18. Bd3 Nc3 19. Qd2 Nxa2 20. Qg5 Bxf3 21. Qh4 Be4 22. Bxe4 dxe4 23. Qxe4 Nd2 24. Qd3 Nxf1 25. Qxf1 Nxb4 26. h3 Qxc2 27. Qe1 Qc1 28. Qxc1 Rxc1+ 29. Kh2 Rd8 30. a5 Rxd4 31. b6 a6 32. Kg3 Rc3+ 33. Kh2 Kf8 34. g3 Ke7 35. Kg2 Kd6 36. h4 h5 37. Kf1 g6 38. Kg2 Kc5 39. Kf1 Kb5 40. Kg2 Kxa5 41. Kf1 Kb5 42. Kg2 Kc4 43. Kf1 Kd3 44. Kg2 a5 45. Kf1 a4 46. Kg2 a3 47. Kf1 a2 48. Kg2 a1Q 49. Kh2 Qb2 50. Kg2 Rc2 51. Kh1 Rxf2 52. Kg1 Rg2+ 53. Kh1 Rh2+ 54. Kg1 Qg2# 0-1

[Event "GER-ch Net qual3 U14"]
[Site "Playchess.com INT"]
[Date "2012.09.08"]
[Round "2"]
[White "Jahn, Felix"]
[Black "Mersch, Peter Daniel"]
[Result "1/2-1/2"]
[WhiteElo "1262"]
[BlackElo "1057"]
[PlyCount "79"]
[EventDate "2012.09.08"]
[EventType "swiss (blitz)"]
[EventRounds "7"]
[EventCountry "GER"]
[SourceTitle "CBM 150 Extra"]
[Source "ChessBase"]
[SourceDate "2012.10.19"]
[SourceVersion "1"]
[SourceVersionDate "2012.10.19"]
[SourceQuality "1"]

1. e4 e5 2. Nf3 Nc6 3. d4 exd4 4. Nxd4 Bc5 5. Be3 Qf6 6. c3 Nge7 7. Bb5 Nxd4 8. Bxd4 Bxd4 9. cxd4 Qg5 10. 0-0 Qxb5 11. Nc3 Qxb2 12. Nd5 Nxd5 13. exd5 0-0 14. Re1 Qb5 15. Re5 d6 16. Rg5 h6 17. Rg3 Qxd5 18. a3 f5 19. Qh5 Qe6 20. d5 Qf6 21. Rf1 f4 22. Rg6 Qf5 23. Qxh6 Rf7 24. Re1 Bd7 25. h3 Re8 26. Rc1 Qxd5 27. Rxc7 Qd1+ 28. Kh2 Qe2 29. Rxb7 f3 30. Rb3 Qxf2 31. Rxf3 Qd4 32. Rgg3 Qe5 33. Rxf7 Kxf7 34. Qg6+ Kf8 35. Qh7 Ke7 36. Qh4+ Kf8 37. Qh8+ Ke7 38. Qh4+ Ke6 39. Qg4+ Ke7 40. Qh4+ 1/2-1/2

[Event "GER-ch Net qual3 U14"]
[Site "Playchess.com INT"]
[Date "2012.09.08"]
[Round "4"]
[White "Zimmermann, Felix"]
[Black "Jahn, Felix"]
[Result "1-0"]
[WhiteElo "1319"]
[BlackElo "1253"]
[PlyCount "91"]
[EventDate "2012.09.08"]
[EventType "swiss (blitz)"]
[EventRounds "7"]
[EventCountry "GER"]
[SourceTitle "CBM 150 Extra"]
[Source "ChessBase"]
[SourceDate "2012.10.19"]
[SourceVersion "1"]
[SourceVersionDate "2012.10.19"]
[SourceQuality "1"]

1. d4 Nf6 2. c4 e6 3. Nc3 Bb4 4. a3 Bxc3+ 5. bxc3 c5 6. e3 0-0 7. Nf3 d5 8. cxd5 exd5 9. Bd3 c4 10. Bc2 Nc6 11. 0-0 Bg4 12. h3 Bh5 13. g4 Nxg4 14. hxg4 Bxg4 15. Kg2 Qf6 16. Rh1 Qg6 17. Bxg6 fxg6 18. Qc2 Bxf3+ 19. Kg1 Be4 20. Qe2 Bf3 21. Qf1 Bxh1 22. Kxh1 Rae8 23. Ra2 Re7 24. f3 Ref7 25. f4 g5 26. Rf2 Rf6 27. Qg2 gxf4 28. Qxd5+ Kh8 29. exf4 Rh6+ 30. Kg1 Rg6+ 31. Rg2 Rxg2+ 32. Kxg2 Ne7 33. Qxb7 Ng6 34. Qxa7 h6 35. Qc5 Nxf4+ 36. Bxf4 Rxf4 37. Qc8+ Kh7 38. d5 Rf5 39. Qxf5+ g6 40. Qf7+ Kh8 41. Qxg6 h5 42. d6 h4 43. d7 h3+ 44. Kf2 h2 45. Ke2 h1Q 46. d8R# 1-0

[Event "GER-ch Net qual2 U14"]
[Site "Playchess.com INT"]
[Date "2012.09.05"]
[Round "1"]
[White "Jahn, Felix"]
[Black "Janke, Hendrik"]
[Result "1/2-1/2"]
[WhiteElo "1231"]
[BlackElo "1550"]
[PlyCount "73"]
[EventDate "2012.09.05"]
[EventType "swiss (blitz)"]
[EventRounds "7"]
[EventCountry "GER"]
[SourceTitle "CBM 150 Extra"]
[Source "ChessBase"]
[SourceDate "2012.10.19"]
[SourceVersion "1"]
[SourceVersionDate "2012.10.19"]
[SourceQuality "1"]

1. e4 Nf6 2. e5 Nd5 3. Bc4 Nb6 4. Bb3 e6 5. Nf3 d6 6. exd6 cxd6 7. 0-0 Nc6 8. Nc3 e5 9. d3 h6 10. Be3 Bg4 11. Bxb6 Qxb6 12. Nd5 Qd8 13. Ne3 Bh5 14. Nf5 g6 15. Ng3 Bg4 16. h3 Bd7 17. d4 exd4 18. Nxd4 Be7 19. Nxc6 Bxc6 20. Re1 Qd7 21. c4 0-0-0 22. a4 Bh4 23. a5 h5 24. Ba4 Bxa4 25. Qxa4 Bxg3 26. Qxd7+ Rxd7 27. fxg3 Kd8 28. Rad1 Re8 29. Rxe8+ Kxe8 30. Kf2 Rc7 31. b3 Ke7 32. Ke3 Rc5 33. Rd5 Rxd5 34. cxd5 Kf6 35. Ke4 a6 36. b4 g5 37. h4 1/2-1/2

[Event "GER-ch Net qual2 U14"]
[Site "Playchess.com INT"]
[Date "2012.09.05"]
[Round "3"]
[White "Jahn, Felix"]
[Black "Massold, Timo"]
[Result "1-0"]
[WhiteElo "1241"]
[BlackElo "1199"]
[PlyCount "49"]
[EventDate "2012.09.05"]
[EventType "swiss (blitz)"]
[EventRounds "7"]
[EventCountry "GER"]
[SourceTitle "CBM 150 Extra"]
[Source "ChessBase"]
[SourceDate "2012.10.19"]
[SourceVersion "1"]
[SourceVersionDate "2012.10.19"]
[SourceQuality "1"]

1. e4 e5 2. Nf3 Nc6 3. d4 d6 4. dxe5 dxe5 5. Qxd8+ Nxd8 6. Nxe5 f6 7. Nf3 f5 8. Nc3 f4 9. Bxf4 Ne6 10. Bg3 Bd6 11. Bb5+ Bd7 12. Bxd7+ Kxd7 13. 0-0-0 Ke7 14. Bxd6+ cxd6 15. Nd5+ Kd7 16. e5 dxe5 17. Nxe5+ Ke8 18. f4 Nf6 19. Nxf6+ gxf6 20. Nd3 f5 21. g3 Rd8 22. Ne5 Rxd1+ 23. Rxd1 Ke7 24. Rd7+ Kf6 25. Rf7# 1-0

[Event "GER-ch Net qual2 U14"]
[Site "Playchess.com INT"]
[Date "2012.09.05"]
[Round "7"]
[White "Jahn, Felix"]
[Black "Seibt, Sascha"]
[Result "1-0"]
[WhiteElo "1253"]
[BlackElo "1428"]
[PlyCount "141"]
[EventDate "2012.09.05"]
[EventType "swiss (blitz)"]
[EventRounds "7"]
[EventCountry "GER"]
[SourceTitle "CBM 150 Extra"]
[Source "ChessBase"]
[SourceDate "2012.10.19"]
[SourceVersion "1"]
[SourceVersionDate "2012.10.19"]
[SourceQuality "1"]

1. e4 c5 2. Nf3 d6 3. d4 cxd4 4. Nxd4 e5 5. Nb3 Nf6 6. Nc3 Be7 7. Be3 0-0 8. f3 Nc6 9. Qd2 Nh5 10. 0-0-0 Nb4 11. g4 Nf6 12. h4 Nd7 13. h5 h6 14. Rg1 Bg5 15. Bxg5 Qxg5 16. Qxg5 hxg5 17. Rxd6 Nf6 18. Rh1 Kh7 19. Rd1 Be6 20. a3 Nc6 21. Rd2 Rfd8 22. Rdh2 Nd4 23. h6 Nxf3 24. Rh3 Bxg4 25. Rg3 Nh4 26. hxg7 Kxg7 27. Nd5 Be6 28. Rxh4 Nxd5 29. exd5 Rxd5 30. Bc4 Rd6 31. Bxe6 fxe6 32. Rxg5+ Kf6 33. Rhh5 Rad8 34. Rg1 e4 35. Nc5 e3 36. Nxb7 e2 37. Nxd6 Rxd6 38. Rh2 e5 39. Rxe2 Re6 40. Reg2 Kf5 41. Rf2+ Ke4 42. Re1+ Kd5 43. Rd2+ Kc6 44. Rde2 Kd5 45. c4+ Kxc4 46. Rxe5 Rc6 47. Kb1 Kd4 48. R5e4+ Kd3 49. R1e3+ Kd2 50. Rc3 Rh6 51. Rc7 Rh1+ 52. Ka2 Rh6 53. Rxa7 Kd3 54. Ree7 Rh2 55. Red7+ Kc4 56. Ra6 Kb5 57. Rad6 Kc5 58. Rd5+ Kc6 59. R5d6+ Kc5 60. Rd5+ Kc6 61. R7d6+ Kc7 62. Rd2 Rh3 63. R6d3 Kc6 64. Rxh3 Kc7 65. Rh5 Kc6 66. Rg2 Kd6 67. Rg6+ Ke7 68. Rh7+ Kf8 69. Ra6 Kg8 70. Rb7 Kf8 71. Ra8# 1-0

[Event "GER-ch Net qual2 U14"]
[Site "Playchess.com INT"]
[Date "2012.09.05"]
[Round "6"]
[White "Peter, Anton"]
[Black "Jahn, Felix"]
[Result "1-0"]
[WhiteElo "1585"]
[BlackElo "1257"]
[PlyCount "43"]
[EventDate "2012.09.05"]
[EventType "swiss (blitz)"]
[EventRounds "7"]
[EventCountry "GER"]
[SourceTitle "CBM 150 Extra"]
[Source "ChessBase"]
[SourceDate "2012.10.19"]
[SourceVersion "1"]
[SourceVersionDate "2012.10.19"]
[SourceQuality "1"]

1. Nf3 Nf6 2. c4 e6 3. d4 Bb4+ 4. Bd2 Bxd2+ 5. Qxd2 0-0 6. Nc3 c6 7. e4 d5 8. e5 Ne8 9. c5 f6 10. Bd3 fxe5 11. Nxe5 Nf6 12. 0-0 Nbd7 13. f4 Nxe5 14. fxe5 Nd7 15. Qe2 Rxf1+ 16. Rxf1 b6 17. b4 b5 18. Qh5 h6 19. Qg6 Nf8 20. Qf7+ Kh8 21. Qxf8+ Qxf8 22. Rxf8# 1-0

[Event "GER-ch Net qual1 U14"]
[Site "Playchess.com INT"]
[Date "2012.09.01"]
[Round "4"]
[White "Jahn, Felix"]
[Black "Krone, Aaron"]
[Result "1-0"]
[WhiteElo "1178"]
[BlackElo "1362"]
[PlyCount "71"]
[EventDate "2012.09.01"]
[EventType "swiss (blitz)"]
[EventRounds "7"]
[EventCountry "GER"]
[SourceTitle "CBM 150 Extra"]
[Source "ChessBase"]
[SourceDate "2012.10.19"]
[SourceVersion "1"]
[SourceVersionDate "2012.10.19"]
[SourceQuality "1"]

1. e4 e5 2. Nf3 Nf6 3. Nxe5 d6 4. Nf3 Nxe4 5. Qe2 Qe7 6. d3 Nf6 7. Qe6 Bxe6 8. Be2 Bg4 9. Nc3 Bxf3 10. gxf3 Nc6 11. Be3 Qd8 12. 0-0-0 Be7 13. Bg5 0-0 14. Rhg1 g6 15. Bh6 Re8 16. Rg3 Nh5 17. Rh3 Bf8 18. Bxf8 Rxf8 19. f4 Re8 20. Bxh5 gxh5 21. Rxh5 Nd4 22. Rg1+ Kh8 23. Kb1 b5 24. a3 c5 25. Rg3 b4 26. Nd5 Ne2 27. Rgh3 bxa3 28. Rxh7+ Kg8 29. Rh8+ Kg7 30. R8h7+ Kf8 31. Rh8+ Kg7 32. R8h7+ Kg6 33. R7h6+ Kf5 34. R3h5+ Kg4 35. Ne3+ Kxf4 36. Rf5# 1-0

[Event "GER-ch Net qual1 U14"]
[Site "Playchess.com INT"]
[Date "2012.09.01"]
[Round "3"]
[White "Jahn, Felix"]
[Black "Wastian, Jan"]
[Result "1-0"]
[WhiteElo "1178"]
[BlackElo "1439"]
[PlyCount "31"]
[EventDate "2012.09.01"]
[EventType "swiss (blitz)"]
[EventRounds "7"]
[EventCountry "GER"]
[SourceTitle "CBM 150 Extra"]
[Source "ChessBase"]
[SourceDate "2012.10.19"]
[SourceVersion "1"]
[SourceVersionDate "2012.10.19"]
[SourceQuality "1"]

1. e4 c6 2. d4 d5 3. Nc3 dxe4 4. Nxe4 Nd7 5. Qe2 e6 6. Bf4 Ngf6 7. Nd6+ Bxd6 8. Bxd6 Nb6 9. Qe5 Nbd7 10. Qg3 Nh5 11. Qf3 Ndf6 12. Be5 Nd5 13. Qxh5 0-0 14. Bd3 Qa5+ 15. c3 Nxc3 16. Qxh7# 1-0

[Event "GER-ch Net qual1 U14"]
[Site "Playchess.com INT"]
[Date "2012.09.01"]
[Round "5"]
[White "Rempe, Moritz"]
[Black "Jahn, Felix"]
[Result "1-0"]
[WhiteElo "1537"]
[BlackElo "1178"]
[PlyCount "75"]
[EventDate "2012.09.01"]
[EventType "swiss (blitz)"]
[EventRounds "7"]
[EventCountry "GER"]
[SourceTitle "CBM 150 Extra"]
[Source "ChessBase"]
[SourceDate "2012.10.19"]
[SourceVersion "1"]
[SourceVersionDate "2012.10.19"]
[SourceQuality "1"]

1. e4 c5 2. Nf3 Nc6 3. d4 cxd4 4. Nxd4 Nf6 5. Nc3 d6 6. Be2 g6 7. Be3 Bg7 8. f3 0-0 9. Qd2 Bd7 10. 0-0-0 a6 11. g4 b5 12. h4 b4 13. Nb1 a5 14. h5 a4 15. hxg6 fxg6 16. Bc4+ Kh8 17. Bh6 b3 18. axb3 axb3 19. c3 Nxd4 20. Bxg7+ Kxg7 21. Qh6+ Kh8 22. Rxd4 Qc7 23. Be2 Rac8 24. g5 e5 25. gxf6 Be6 26. Rdd1 Qf7 27. Rh2 Rc7 28. Rg1 Rg8 29. Rgh1 Ra8 30. f4 exf4 31. Bh5 gxh5 32. Rxh5 Raa7 33. Rg1 Ra8 34. Rhg5 Rcc8 35. Rg7 Qxg7 36. Rxg7 Rxc3+ 37. bxc3 Rb8 38. Qxh7# 1-0

[Event "Sachsen-ch U10"]
[Site "Sebnitz"]
[Date "2012.04.13"]
[Round "5"]
[White "Jahn, Felix"]
[Black "Buschmann, Julius"]
[Result "1-0"]
[WhiteElo "1202"]
[BlackElo "1033"]
[PlyCount "111"]
[EventDate "2012.04.10"]
[EventType "swiss"]
[EventRounds "7"]
[EventCountry "GER"]
[SourceTitle "CBM 148 Extra"]
[Source "ChessBase"]
[SourceDate "2012.06.22"]
[SourceVersion "1"]
[SourceVersionDate "2012.06.22"]
[SourceQuality "1"]

1. e4 e5 2. Nf3 Nc6 3. d4 exd4 4. Bc4 Bc5 5. c3 dxc3 6. Bxf7+ Kf8 7. Qd5 d6 8. Nxc3 Nf6 9. Qb3 Qe7 10. Bd5 Nxd5 11. Qxd5 Nb4 12. Qd1 Ke8 13. 0-0 Qf6 14. a3 Nc6 15. Bg5 Qg6 16. Nd5 Kf8 17. Nxc7 Rb8 18. Qe2 h6 19. Bf4 Nd4 20. Nxd4 Bxd4 21. Qf3 Kg8 22. Nd5 Qe6 23. Qb3 Kh7 24. Qd3 Bxb2 25. Rab1 Be5 26. Bxe5 dxe5 27. f4 Bd7 28. Rfd1 Rhf8 29. Nc7 Qf6 30. Qxd7 Rf7 31. Nd5 Rxd7 32. Nxf6+ gxf6 33. Rxd7+ Kg6 34. fxe5 fxe5 35. Rbxb7 Rc8 36. Rd6+ Kh5 37. Rh7 Rg8 38. Rhxh6+ Kg5 39. h4+ Kg4 40. Rhg6+ Rxg6 41. Rxg6+ Kxh4 42. g3+ Kh3 43. g4 Kh4 44. Rg7 Kg3 45. Rxa7 Kxg4 46. Rf7 Kg5 47. a4 Kg6 48. Rf5 Kg7 49. Kg2 Kg8 50. Kg3 Kh8 51. Rf7 Kg8 52. Rb7 Kh8 53. a5 Kg8 54. a6 Kh8 55. a7 Kg8 56. a8R# 1-0

[Event "Sachsen-ch U10"]
[Site "Sebnitz"]
[Date "2012.04.11"]
[Round "3"]
[White "Jahn, Felix"]
[Black "Scholz, Richard"]
[Result "1/2-1/2"]
[WhiteElo "1202"]
[BlackElo "1161"]
[PlyCount "108"]
[EventDate "2012.04.10"]
[EventType "swiss"]
[EventRounds "7"]
[EventCountry "GER"]
[SourceTitle "CBM 148 Extra"]
[Source "ChessBase"]
[SourceDate "2012.06.22"]
[SourceVersion "1"]
[SourceVersionDate "2012.06.22"]
[SourceQuality "1"]

1. e4 e5 2. Nf3 Nc6 3. d4 exd4 4. Bc4 Bc5 5. c3 dxc3 6. Bxf7+ Kxf7 7. Qd5+ Ke8 8. Qh5+ g6 9. Qxc5 cxb2 10. Bxb2 Nf6 11. Qc3 Rf8 12. Nbd2 Qe7 13. 0-0 d6 14. e5 dxe5 15. Nxe5 Nxe5 16. Qxe5 Qxe5 17. Bxe5 c6 18. Rfe1 Kf7 19. Nf3 Kg8 20. Rad1 Bg4 21. Re3 Rae8 22. Bxf6 Rxe3 23. fxe3 Rxf6 24. Kf2 b5 25. h3 Be6 26. Rd6 Kg7 27. Rxc6 Bd5 28. Rc7+ Rf7 29. Rxf7+ Kxf7 30. a3 a5 31. Nd2 b4 32. axb4 axb4 33. Ke1 Bxg2 34. h4 Kf6 35. Nc4 Kf5 36. Kf2 Bd5 37. Nb2 Kg4 38. Kg1 Kxh4 39. Kh2 Kg4 40. Kg1 Kf3 41. Kf1 Kxe3 42. Ke1 h5 43. Kf1 h4 44. Kg1 g5 45. Kh2 g4 46. Kg1 g3 47. Nd1+ Kd2 48. Nb2 h3 49. Nc4+ Kc3 50. Ne3 h2+ 51. Kf1 h1Q+ 52. Ke2 Qf3+ 53. Ke1 Qxe3+ 54. Kf1 b3 1/2-1/2

[Event "Sachsen-ch U10"]
[Site "Sebnitz"]
[Date "2012.04.10"]
[Round "1"]
[White "Jahn, Felix"]
[Black "Renger, Niklas"]
[Result "0-1"]
[WhiteElo "1202"]
[BlackElo "1589"]
[PlyCount "94"]
[EventDate "2012.04.10"]
[EventType "swiss"]
[EventRounds "7"]
[EventCountry "GER"]
[SourceTitle "CBM 148 Extra"]
[Source "ChessBase"]
[SourceDate "2012.06.22"]
[SourceVersion "1"]
[SourceVersionDate "2012.06.22"]
[SourceQuality "1"]

1. e4 c5 2. d4 cxd4 3. c3 dxc3 4. Nxc3 Nc6 5. Bc4 g6 6. Be3 Bg7 7. Nf3 Nf6 8. 0-0 0-0 9. Qd2 d6 10. Nd5 Nxe4 11. Qd3 Nf6 12. Nxf6+ Bxf6 13. Rab1 Bf5 14. Qd2 Bxb1 15. Rxb1 Ne5 16. Nxe5 dxe5 17. Qe2 Rc8 18. Bb3 Qc7 19. Rc1 Qa5 20. Bd2 Rxc1+ 21. Bxc1 Rd8 22. h3 Qc7 23. Be3 a6 24. f3 Qd6 25. Qc4 e6 26. Bc5 Qc6 27. Qb4 e4 28. fxe4 Qxc5+ 29. Qxc5 Bd4+ 30. Qxd4 Rxd4 31. Bc2 Rd2 32. Bb3 Rxb2 33. Kh2 b5 34. Kg3 a5 35. Kf3 a4 36. Bd1 Rxa2 37. g4 b4 38. Bxa4 Rxa4 39. Ke3 b3 40. Kd3 b2 41. Kc2 Rb4 42. Kb1 f5 43. e5 f4 44. h4 f3 45. h5 f2 46. hxg6 f1R+ 47. Ka2 Ra1# 0-1

[Event "Sachsen-ch U10"]
[Site "Sebnitz"]
[Date "2011.04.29"]
[Round "6"]
[White "Preissler, Niklas"]
[Black "Jahn, Felix"]
[Result "0-1"]
[WhiteElo "1259"]
[BlackElo "1066"]
[PlyCount "122"]
[EventDate "2011.04.26"]
[EventType "swiss"]
[EventRounds "7"]
[EventCountry "GER"]
[SourceTitle "EXT 2012"]
[Source "ChessBase"]
[SourceDate "2011.11.24"]
[SourceVersion "1"]
[SourceVersionDate "2011.11.24"]
[SourceQuality "1"]

1. c4 c5 2. Nc3 Nc6 3. g3 Nf6 4. Bg2 e6 5. e3 d5 6. b3 g6 7. Nge2 d4 8. Ne4 Nxe4 9. Bxe4 Bg7 10. d3 dxe3 11. Rb1 exf2+ 12. Kxf2 0-0 13. Be3 Qf6+ 14. Kg2 Ne5 15. Bxc5 Ng4 16. Nf4 Qe5 17. Qxg4 Qxc5 18. Qf3 Qe7 19. Rhc1 Qa3 20. Rc2 Rb8 21. Rbc1 f5 22. Bd5 exd5 23. Qxd5+ Kh8 24. Ne6 Bxe6 25. Qxe6 Rfe8 26. Qf7 Rf8 27. Qc7 Qa6 28. Qf4 g5 29. Qxg5 Bh6 30. Qe7 Bxc1 31. Rxc1 Rbe8 32. Qc5 Qc6+ 33. Qxc6 bxc6 34. d4 Re2+ 35. Kg1 Rd2 36. d5 cxd5 37. cxd5 Rxd5 38. Rc7 Rd1+ 39. Kg2 Rd2+ 40. Kh3 Rxa2 41. Rb7 Rf6 42. Rb8+ Kg7 43. Rb7+ Kg6 44. b4 Kg5 45. Rg7+ Rg6 46. Rxh7 Rh6+ 47. Rxh6 Kxh6 48. b5 Ra3 49. Kh4 Rb3 50. Kh3 f4 51. Kg4 fxg3 52. hxg3 Rxb5 53. Kf4 a5 54. g4 a4 55. Ke4 a3 56. Kd4 a2 57. Kc4 Rb8 58. Kd3 a1Q 59. Ke2 Qc3 60. Kf2 Rb2+ 61. Kf1 Qc1# 0-1